Bức tranh xã hội miền núi trong tiểu thuyết Đàn trời
Tiểu thuyết Cao Duy Sơn trong văn xuôi Việt Nam đương đại viết về miền núi. Hiện thực đời sống và con người miền núi trong Đàn Trời của Cao Duy Sơn. Một số phương thức nghệ thuật trong Đàn Trời của Cao Duy Sơn
Na minha lista:
| Autor principal: | |
|---|---|
| Outros Autores: | |
| Formato: | Livro |
| Idioma: | Vietnamese |
| Publicado em: |
Đà Nẵng
Đại học Sư phạm, Đại học Đà Nẵng
2013
|
| Assuntos: | |
| Tags: |
Adicionar Tag
Sem tags, seja o primeiro a adicionar uma tag!
|
| Thư viện lưu trữ: | Mạng thư viện Đại học Đà Nẵng |
|---|
| LEADER | 01823nam a2200397 4500 | ||
|---|---|---|---|
| 001 | 000019017 | ||
| 003 | 15452 | ||
| 005 | 20140313140304.0 | ||
| 008 | 140226s2013 viesd | ||
| 041 | |a vie | ||
| 072 | |a VH | ||
| 082 | 1 | 4 | |a 895.922334 |b NG-T |
| 100 | 1 | |a Nguyễn Thị Thanh Thuyết | |
| 245 | 1 | 0 | |a Bức tranh xã hội miền núi trong tiểu thuyết Đàn trời |c Nguyễn Thị Thanh Thuyết ; Ngô Minh Hiền hướng dẫn |k Khóa luận tốt nghiệp |
| 260 | |a Đà Nẵng |b Đại học Sư phạm, Đại học Đà Nẵng |c 2013 | ||
| 300 | |a 75 tr. |c 29 cm. | ||
| 500 | |a Khóa luận tốt nghiệp đại học. Chuyên ngành: Cử nhân Văn học | ||
| 520 | |a Tiểu thuyết Cao Duy Sơn trong văn xuôi Việt Nam đương đại viết về miền núi. Hiện thực đời sống và con người miền núi trong Đàn Trời của Cao Duy Sơn. Một số phương thức nghệ thuật trong Đàn Trời của Cao Duy Sơn | ||
| 600 | 1 | 4 | |a Cao Duy Sơn |d 1956- |t Đàn trời |
| 650 | 0 | 4 | |a Tiểu thuyết Việt Nam |v Khóa luận tốt nghiệp |x Cao Duy Sơn |
| 653 | |a Khoa Ngữ văn | ||
| 653 | |a Đàn trời | ||
| 653 | |a Tiểu thuyết Việt Nam | ||
| 653 | |a Xã hội miền núi | ||
| 653 | |a Văn học Việt Nam | ||
| 700 | 1 | |a Ngô Minh Hiền |c TS. |e Hướng dẫn | |
| OWN | |a LSP | ||
| AVA | |a UDN50 |b LSP |d 895.922334 NG-T |e available |t Error 5001 Not defined in file expand_doc_bib_avail. |f 1 |g 0 |h N |i 0 |k 1 | ||
| 999 | |a From the UDN01 | ||
| AVA | |a UDN50 |b LSP |d 895.922334 NG-T |e available |t Error 5001 Not defined in file expand_doc_bib_avail. |f 1 |g 0 |h N |i 0 |k 1 | ||
| TYP | |a Monograph | ||
| TYP | |a Printed language | ||
| 980 | |a Mạng thư viện Đại học Đà Nẵng | ||